Archives parlementaires de 1787 à 1860 : (Record no. 252)

MARC details
000 -LEADER
campo de control de longitud fija 00932nas a2200253 i 4500
001 - NÚMERO DE CONTROL
campo de control 252
003 - IDENTIFICADOR DE NÚMERO DE CONTROL
campo de control ES-MaACL
005 - FECHA Y HORA DE LA ÚLTIMA TRANSACCIÓN
campo de control 20250809062525.0
007 - CAMPO FIJO DE DESCRIPCIÓN FÍSICA--INFORMACIÓN GENERAL
campo de control de longitud fija t|
008 - DATOS DE LONGITUD FIJA--INFORMACIÓN GENERAL
campo de control de longitud fija 950801d18621913fr | | 1 ||re d
245 00 - MENCIÓN DEL TÍTULO
Título Archives parlementaires de 1787 à 1860 :
Resto del título recueil complet des débats législatifs et politiques des Chambres françaises /
Mención de responsabilidad, etc. fondé par M. Mavidal et E. Laurent.
260 ## - PUBLICACIÓN, DISTRIBUCIÓN, ETC.
Lugar de publicación, distribución, etc. Paris :
Nombre del editor, distribuidor, etc. Paul Dupont,
Fecha de publicación, distribución, etc. 1862-1913.
300 ## - DESCRIPCIÓN FÍSICA
Extensión 210 v. ;
Dimensiones 28 cm.
362 1# - FECHAS DE PUBLICACIÓN Y/O DESIGNACIÓN SECUENCIAL
Fecha de publicación y/o designación secuencial T. I, s. 1 (1787), s. 2 (1800)
500 ## - NOTA GENERAL
Nota general Los índices van colocados junto con la revista.
505 8# - NOTA DE CONTENIDO CON FORMATO
Nota de contenido con formato Contiene: 1 série (1787 à 1799). - 2 série (1800 à 1860)
650 17 - PUNTO DE ACCESO ADICIONAL DE MATERIA--TÉRMINO DE MATERIA
Término de materia o nombre geográfico como elemento de entrada Derecho
Fuente del encabezamiento o término embne
9 (RLIN) 11602
651 #4 - PUNTO DE ACCESO ADICIONAL DE MATERIA--NOMBRE GEOGRÁFICO
Nombre geográfico Francia-
Subdivisión general Historia-
Subdivisión cronológica 1789-1799, Revolución-
Subdivisión de forma Fuentes.
9 (RLIN) 162626
700 1# - ENTRADA AGREGADA--NOMBRE PERSONAL
Nombre de persona Mavidal, Jerôme.
9 (RLIN) 165278
700 1# - ENTRADA AGREGADA--NOMBRE PERSONAL
Nombre de persona Laurent, Emile.
9 (RLIN) 165279
852 ## - LOCALIZACIÓN
Ubicación ES-MaACL
Número de control de estantería Hem-328
866 #0 - MENCIÓN TEXTUAL DE FONDOS--UNIDAD BIBLIOGRÁFICA BÁSICA
Fondos 1787-1860
Holdings
Estatus retirado Estado de pérdida Estado de daño No para préstamo Colección Biblioteca de origen Biblioteca actual Ubicación en estantería Fecha de adquisición Fuente de adquisición Total de préstamos Signatura topográfica completa Código de barras Visto por última vez Precio de reemplazo Tipo de ítem Koha
        Periódicos y Revistas Biblioteca del Ateneo de Madrid Biblioteca del Ateneo de Madrid Depósito 1 17/01/2008     Hem-328 1000254 23/02/2023 23/02/2023 Revista